Largest crops producing countries #1 - Statistics

General Stats
  • This quiz has been taken 1,400 times
  • The average score is 15 of 18
Answer Stats
# Sugarcane % Correct
3 China
99%
9 United States
99%
1 Brazil
98%
2 India
96%
Russia
96%
6 Mexico
94%
Canada
91%
10 Indonesia
89%
Vietnam
88%
France
87%
Argentina
86%
4 Thailand
85%
Ukraine
85%
Australia
83%
5 Pakistan
75%
Poland
69%
Bangladesh
67%
Finland
25%
No matching quizzes found
Score Distribution
Percent of People with Each Score
Percentile by Number Answered
Your Score History
You have not taken this quiz